(Three hundred sixty five) 365 bedtime duck tales / (Record no. 13392)

MARC details
000 -LEADER
fixed length control field 01187nam a22003137a 4500
001 - CONTROL NUMBER
control field B-262899
003 - CONTROL NUMBER IDENTIFIER
control field dpl
005 - DATE AND TIME OF LATEST TRANSACTION
control field 20080602112520.0
006 - FIXED-LENGTH DATA ELEMENTS--ADDITIONAL MATERIAL CHARACTERISTICS--GENERAL INFORMATION
fixed length control field a|||||r|||||00| 1
007 - PHYSICAL DESCRIPTION FIXED FIELD--GENERAL INFORMATION
fixed length control field ta
008 - FIXED-LENGTH DATA ELEMENTS--GENERAL INFORMATION
fixed length control field 080602t xxu||||| |||| 00| 0 eng d
010 ## - LIBRARY OF CONGRESS CONTROL NUMBER
LC control number B-262899
020 ## - INTERNATIONAL STANDARD BOOK NUMBER
International Standard Book Number 076077269X
Terms of availability 395.00
037 ## - SOURCE OF ACQUISITION
Stock number 43803
Source of stock number/acquisition Super Book/24.4.08/27/8.4.08/19.5.08/395.00/
Terms of availability 395.00
040 ## - CATALOGING SOURCE
Original cataloging agency DPL
Language of cataloging English
Transcribing agency DPL
Modifying agency DPL
Description conventions DPL
082 ## - DEWEY DECIMAL CLASSIFICATION NUMBER
Classification number S / KAR
100 ## - MAIN ENTRY--PERSONAL NAME
Personal name Karstkarel, Maike
245 ## - TITLE STATEMENT
Title (Three hundred sixty five) 365 bedtime duck tales /
Statement of responsibility, etc By Maike Karstkarel; translated by Francesca Kudryashova; illustrated by Maan Jansen
260 ## - PUBLICATION, DISTRIBUTION, ETC. (IMPRINT)
Place of publication, distribution, etc New York
Name of publisher, distributor, etc Backpack Books
Date of publication, distribution, etc 2005
260 ## - PUBLICATION, DISTRIBUTION, ETC. (IMPRINT)
Place of publication, distribution, etc New Delhi
Name of publisher, distributor, etc Super Book Distributors
270 ## - ADDRESS
Address 122 Fifth Avenue
City New York
Postal code NY10011
270 ## - ADDRESS
Address F-1/16, Basement Ansari Road, Darya Ganj
City New Delhi
Postal code 110002
300 ## - PHYSICAL DESCRIPTION
Extent 237p.
Other physical details col. ill.
Dimensions 27 cm (Hb)
490 ## - SERIES STATEMENT
Series statement
700 ## - ADDED ENTRY--PERSONAL NAME
Personal name Kudryashova, Francesca
700 ## - ADDED ENTRY--PERSONAL NAME
Personal name Jansen, Maan
942 ## - ADDED ENTRY ELEMENTS (KOHA)
Source of classification or shelving scheme Dewey Decimal Classification
Koha item type Children Books
Holdings
Withdrawn status Lost status Damaged status Not for loan Collection code Home library Current library Date acquired Source of acquisition Cost, normal purchase price Total Checkouts Full call number Barcode Date last seen Copy number Cost, replacement price Price effective from Koha item type
        Fiction Andrews Gunj Andrews Gunj 09/06/2008 Super Book Distributors/24.4.08/27/8.4.08/19.5.08/395.00/ 395.00   S / KAR 252 15/09/2008 1 395.00 15/09/2008 Children Books

© Delhi Public Library
Hit Counter
free hit counter